000 00260nam a2200109 a 4500
005 20140414131844.0
008 100524s19uu xx 00 eng d
050 _aER
_bB27 1987
245 _aBarry's big bread.
260 _c1987.
_bWorld Book,
999 _c109851
_d109851